000 00337nam a2200145Ia 4500
005 20251222152655.0
008 251222s9999||||xx |||||||||||||| ||spa||
020 _a9707140348
082 _a800/S69
100 _aSosa, Victor
245 0 _aLos Animales Furiosos
250 _a1ra.ed.
264 _bEditorial Aldus, S.A.
942 _cLIB
999 _c28609
_d28609